Wymień 100 państw pod względem ludności. - Statystyki

Ogólne statystyki
  • Ten quiz został rozwiązany 72 razy
  • Średni wynik to 13 z 100
Statystyki odpowiedzi
Miejsce Liczba Ludności. 2022 Odpowiedź % Poprawnych
1. 1,411mld. Indie
98%
2. 1,410mld. Chiny
96%
3. 337mln. Stany Zjednoczone
88%
4. 277mln. Indonezja
69%
5. 242mln. Pakistan
54%
9. 142mln. Rosja
54%
7. 217mln. Brazylia
52%
6. 225mln. Nigeria
50%
8. 165mln. Bangladesz
48%
39. 38mln. Polska
44%
10. 129mln. Meksyk
37%
18. 84mln. Niemcy
37%
11. 124mln. Japonia
35%
13. 113mln. Etiopia
31%
21. 68mln. Francja
31%
22. 67mln. Wielka Brytania
29%
15. 107mln. Egipt
27%
12. 114mln. Filipiny
27%
17. 86mln. Iran
27%
19. 84mln. Turcja
27%
20. 69mln. Tajlandia
25%
16. 103mln. Wietnam
25%
14. 108mln. Demokratyczna Republika Konga
23%
24. 61mln. Włochy
21%
38. 38mln. Kanada
17%
23. 63mln. Tanzania
17%
31. 47mln. Hiszpania
13%
27. 55mln. Kenia
13%
35. 43mln. Ukraina
13%
37. 38mln. Afganistan
12%
32. 46mln. Argentyna
12%
26. 57mln. Republika Południowej Afryki
12%
34. 44mln. Algieria
10%
36. 40mln. Irak
10%
30. 47mln. Sudan
10%
29. 49mln. Kolumbia
8%
28. 51mln. Korea Południowa
8%
54. 26mln. Australia
6%
40. 37mln. Maroko
6%
25. 57mln. Mjanma
6%
65. 18mln. Rumunia
6%
33. 46mln. Uganda
6%
42. 34mln. Angola
4%
41. 35mln. Arabia Saudyjska
4%
96. 9mln. Białoruś
4%
44. 33mln. Ghana
4%
49. 30mln. Nepal
4%
45. 32mln. Peru
4%
89. 10mln. Szwecja
4%
93. 9mln. Węgry
4%
81. 11mln. Belgia
2%
79. 12mln. Boliwia
2%
86. 10mln. Czechy
2%
70. 17mln. Holandia
2%
48. 30mln. Jemen
2%
55. 25mln. Korea Północna
2%
43. 33mln. Malezja
2%
91. 10mln. Portugalia
2%
58. 23mln. Sri Lanka
2%
47. 31mln. Uzbekistan
2%
50. 29mln. Wenezuela
2%
52. 28mln. Wybrzeże Kości Słoniowej
2%
99. 8mln. Austria
0%
90. 10mln. Azerbejdżan
0%
74. 13mln. Benin
0%
59. 21mln. Burkina Faso
0%
77. 12mln. Burundi
0%
66. 18mln. Chile
0%
67. 17mln. Czad
0%
87. 10mln. Dominikana
0%
71. 17mln. Ekwador
0%
88. 10mln. Grecja
0%
69. 17mln. Gwatemala
0%
75. 13mln. Gwinea
0%
83. 11mln. Haiti
0%
95. 9mln. Honduras
0%
98. 8mln. Izrael
0%
85. 10mln. Jordania
0%
72 16mln. Kambodża
0%
51. 29mln. Kamerun
0%
64. 19mln. Kazachstan
0%
84. 11mln. Kuba
0%
53. 28mln. Madagaskar
0%
61. 20mln. Malawi
0%
62. 20mln. Mali
0%
46. 31mln. Mozambik
0%
56. 24mln. Niger
0%
94. 9mln. Papua-Nowa Gwinea
0%
76. 13mln. Rwanda
0%
68. 17mln. Senegal
0%
100. 8mln. Sierra Leone
0%
78. 12mln. Somalia
0%
82. 11mln. Sudan Południowy
0%
60. 21mln. Syria
0%
97. 9mln. Tadżykistan
0%
57. 23mln. Tajwan
0%
80. 11mln. Tunezja
0%
63. 19mln. Zambia
0%
73. 15mln. Zimbabwe
0%
92. 9mln. Zjednoczone Emiraty Arabskie
0%
Nie znaleziono quizów pasujących do podanych kryteriów
Rozkład punktacji
Procent ludzi z każdym wynikiem
Percentyl według liczby udzielonych odpowiedzi
Twoja historia wyników
Nie rozwiązałeś tego quizu